01000nam a22002655a 45000010009000000050017000090080041000260100017000670200043000840200028001270400013001550820025001681000029001932450075002222600034002972630009003313000034003404400048003745040051004226500042004736500037005159420012005529990017005649520153005811530299020080522124956.0080522s2008 nyu 000 0 eng  a 2008929626 a9783540687627 (hardcover : alk. paper) a9783540687658 (E- ISBN) aDLCcDLC 222a621.312136 bSTI1 aStiebler, Manfred.9375610aWind energy systems for electric power generation /cManfred Stiebler. aNew York :bSpringer,cc2008. a0808 axvii, 193 p.: bill.;c24 cm.0 aGreen energy and technologyx1865352993757 aIncludes bibliographical references and index.0 aWind energy conversion systems.937580 aElectric power production.93759 2ddccBB c11316d11316 00102ddc40708AlahramaMAINbMAINc1STd2009-04-15epurchaseg720.40h362l7m18o621.312136 STIp000015545r2025-07-15 00:00:00s2015-10-25yBB